| 000 | 00831nam0a22002411 4500 | ||
|---|---|---|---|
| 001 | rc\374133 | ||
| 005 | 20250621055102.0 | ||
| 010 |
_a5-8366-0041-4 _9500 |
||
| 035 | _a(NLR Aleph) 005605349 | ||
| 090 |
_a6356350 _c6356350 |
||
| 100 | _a20030307d1989 |||y0rusy50 ca | ||
| 101 | 0 | _arus | |
| 102 | _aRU | ||
| 105 | _ay ||||||||| | ||
| 200 | 1 |
_aХвойные растения для озеленения Горно-Бадахшанской автономной области _e(Рекомендации) _fАН ТаджССР, Памир. биол. ин-т |
|
| 210 |
_aДушанбе _cДониш _d1989 |
||
| 215 |
_a44, [3] с. _d17 |
||
| 700 | 1 |
_aМакаренкова _bЛ.П. _gЛюдмила Петровна |
|
| 801 | 0 |
_aRU _bNLR _gpsbo |
|
| 801 | 1 |
_aRU _bELAR _2rusmarc |
|
| 852 |
_aNLR _j90-2/610 |
||
| 942 | _cBOOK | ||
| 980 | _aNB | ||